| 000 | 00440nam a2200145Ia 4500 | ||
|---|---|---|---|
| 008 | 151213s9999 xx 000 0 und d | ||
| 100 | _aLearance Barton | ||
| 245 |
_aGissis on Organization :Managing a Communicating in the Heat of Chas _cLearance Barton |
||
| 260 |
_aCininnali Ohio _bSouth Western Publishing _c1993 |
||
| 300 | _a2818 p. | ||
| 650 | _aManagement | ||
| 650 | _aManagement | ||
| 700 | _aLearance Barton | ||
| 999 |
_c1928 _d1928 |
||